[Event "22nd European Teams Women"]
[Site "Batumi GEO"]
[Date "2019.10.31"]
[Round "7.5"]
[Board "4"]
[White "Benmesbah, Natacha"]
[Black "Gara, Ticia"]
[Result "1-0"]
[WhiteTitle "WIM"]
[BlackTitle "WGM"]
[WhiteElo "2265"]
[BlackElo "2322"]
[WhiteTeam "France"]
[BlackTeam "Hungary"]
[WhiteFideId "642002"]
[BlackFideId "717444"]
[EventDate "2019.10.24"]

1. e4 c5 2. Nf3 d6 3. Bb5+ Nd7 4. d4 cxd4 5. Qxd4 a6 6. Bxd7+ Bxd7 7. c4 Rc8 8.
Nc3 Qc7 9. b3 e5 10. Qd3 b5 11. Nd5 Qc6 12. Nd2 Nf6 13. Nxf6+ gxf6 14. O-O Be6
15. Ba3 bxc4 16. bxc4 Be7 17. Rac1 Rg8 18. f4 Rd8 19. f5 Bd7 20. Rb1 Rc8 21. Qh3
Bd8 22. Qxh7 Rg5 23. Nf3 Qxe4 24. Nxg5 Qe3+ 25. Kh1 Qxg5 26. Qh8+ Ke7 27. Bxd6+
Kxd6 28. Qf8+ Kc6 29. c5 Bc7 30. Rb6+ Bxb6 31. Qd6+ Kb5 32. Qxd7+ Rc6 33. cxb6
Kxb6 34. Rb1+ Kc5 35. Qa7+ Kc4 36. Qxf7+ Kc5 37. Qe7+ Kd5 38. Rd1+ Kc4 39. a3
Rc5 40. Qb7 a5 41. Qf3 Rb5 42. Qd3+ Kc5 43. Qc3+ Kb6 44. Rd6+ Ka7 45. Qc7+ 1-0

[Event "22nd European Teams Women"]
[Site "Batumi GEO"]
[Date "2019.10.31"]
[Round "7.6"]
[Board "1"]
[White "Vega Gutierrez, Sabrina"]
[Black "Brunello, Marina"]
[Result "0-1"]
[WhiteTitle "IM"]
[BlackTitle "FM"]
[WhiteElo "2395"]
[BlackElo "2381"]
[WhiteTeam "Spain"]
[BlackTeam "Italy"]
[WhiteFideId "2219026"]
[BlackFideId "822590"]
[EventDate "2019.10.24"]

1. e4 c5 2. Nc3 a6 3. Nge2 d6 4. g3 g6 5. Bg2 Bg7 6. O-O Nc6 7. d3 e6 8. Be3 Nd4
9. Qd2 Rb8 10. Rab1 b5 11. b4 Ne7 12. Bh6 O-O 13. Bxg7 Kxg7 14. bxc5 dxc5 15.
Qg5 Qc7 16. e5 Nef5 17. g4 Nxe2+ 18. Nxe2 Nd4 19. Ng3 h6 20. Qf6+ Kg8 21. c3 Nc6
22. f4 Bb7 23. Qh4 Kg7 24. f5 Qxe5 25. Rbe1 Qxc3 26. f6+ Kh7 27. Ne4 Qd4+ 28.
Kh1 Rh8 29. Ng5+ Kg8 30. Nxe6 fxe6 31. Re4 Qd7 32. f7+ Kh7 33. Qf6 Nd4 34. h4
Qd8 35. Qf2 Bxe4 36. Bxe4 Kg7 37. Qh2 Kf8 38. Qe5 Qxh4+ 39. Kg2 Qxg4+ 40. Kf2
Qh4+ 0-1

[Event "22nd European Teams Women"]
[Site "Batumi GEO"]
[Date "2019.10.31"]
[Round "7.6"]
[Board "2"]
[White "Zimina, Olga"]
[Black "Garcia Martin, Marta"]
[Result "1/2-1/2"]
[WhiteTitle "IM"]
[BlackTitle "FM"]
[WhiteElo "2397"]
[BlackElo "2305"]
[WhiteTeam "Italy"]
[BlackTeam "Spain"]
[WhiteFideId "4132190"]
[BlackFideId "32084030"]
[EventDate "2019.10.24"]

1. Nf3 Nf6 2. c4 e6 3. g3 d5 4. Bg2 Be7 5. O-O O-O 6. b3 b6 7. Bb2 Bb7 8. e3 c5
9. Nc3 dxc4 10. bxc4 Nc6 11. Qe2 Qc7 12. Ne1 Rfd8 13. f4 Ne8 14. f5 Bf6 15. d3
Qe7 16. Rb1 Nd6 17. fxe6 fxe6 18. Ne4 Bxb2 19. Rxb2 Nf5 20. Rd2 Ne5 21. Nc2 Rac8
22. Rfd1 Bc6 23. Nc3 Qb7 24. e4 Nd4 25. Nxd4 cxd4 26. Nb1 Qe7 27. Qh5 Nd7 28.
Rf2 Rf8 29. Rxf8+ Rxf8 30. Nd2 g6 31. Qe2 e5 32. h4 Nc5 33. Bh3 Kg7 34. Nf3 Bd7
35. Bxd7 Nxd7 36. Rb1 Qe6 37. Ng5 Qe7 38. Qg4 Nc5 39. Qe2 h6 40. Nh3 Qe6 41. Nf2
Rf7 42. Rb5 Rc7 43. Kg2 Qc8 44. Rb1 Rf7 45. Qc2 Qc6 46. Ng4 Qe6 47. Nh2 Qe8 48.
Nf3 Qe6 49. Rf1 Nd7 50. Rb1 Nf6 51. Nh2 Ng4 52. Nxg4 Qxg4 53. Qd1 Qxd1 54. Rxd1
Rc7 55. Rb1 Rc5 56. Rb3 Ra5 57. a3 Kf6 58. Kf3 Ke6 59. Kg4 Kf6 60. h5 Ra4 61.
Kh4 g5+ 62. Kg4 Ke6 63. Kf3 Ra5 64. Kg4 Ra6 65. Kf3 Ra4 66. Kg4 Ra5 67. Kf3 Rc5
68. Kg4 Ra5 1/2-1/2

[Event "22nd European Teams Women"]
[Site "Batumi GEO"]
[Date "2019.10.31"]
[Round "7.6"]
[Board "3"]
[White "Matnadze, Ana"]
[Black "Sedina, Elena"]
[Result "1-0"]
[WhiteTitle "IM"]
[BlackTitle "IM"]
[WhiteElo "2383"]
[BlackElo "2294"]
[WhiteTeam "Spain"]
[BlackTeam "Italy"]
[WhiteFideId "13601377"]
[BlackFideId "812153"]
[EventDate "2019.10.24"]

1. Nf3 d5 2. b3 Bg4 3. Bb2 Nd7 4. g3 Ngf6 5. Bg2 e6 6. O-O Bd6 7. c4 O-O 8. d3
c6 9. Nbd2 a5 10. a3 Re8 11. Re1 e5 12. cxd5 cxd5 13. Nf1 Qb6 14. Ne3 Bxf3 15.
Bxf3 Bc5 16. d4 exd4 17. Nxd5 Nxd5 18. Bxd5 Rad8 19. b4 Nf6 20. bxc5 Qxb2 21.
Bf3 Qb5 22. Qc2 Nd5 23. Rab1 Qa6 24. Qd3 Qxd3 25. exd3 Rxe1+ 26. Rxe1 Kf8 27.
Rb1 Rd7 28. Rb5 a4 29. Kf1 Ke8 30. Ra5 Kd8 31. Rxa4 Nc3 32. Rb4 Na2 33. Rxb7
Rxb7 34. Bxb7 Nc1 35. Be4 g6 36. g4 Kc7 37. c6 h6 38. Ke1 f5 39. gxf5 gxf5 40.
Bxf5 Kxc6 41. f4 Nb3 42. Ke2 Nc5 43. Kf3 Kd6 44. Kg4 Ke7 45. Bh7 Kf6 46. Kf3 Ke6
47. Bg8+ Kd6 48. Bc4 h5 49. Bb5 Kd5 50. a4 Nb7 51. Be8 h4 52. Kg4 Nc5 53. Bb5 1-0

[Event "22nd European Teams Women"]
[Site "Batumi GEO"]
[Date "2019.10.31"]
[Round "7.6"]
[Board "4"]
[White "Movileanu, Daniela"]
[Black "Kolotilina, Liudmila"]
[Result "1-0"]
[WhiteTitle "WFM"]
[BlackTitle "WFM"]
[WhiteElo "2173"]
[BlackElo "2242"]
[WhiteTeam "Italy"]
[BlackTeam "Spain"]
[WhiteFideId "873349"]
[BlackFideId "32099568"]
[EventDate "2019.10.24"]

1. e4 c6 2. d4 d5 3. Nd2 dxe4 4. Nxe4 Nf6 5. Nxf6+ exf6 6. c3 Bd6 7. Bd3 O-O 8.
Qc2 Re8+ 9. Ne2 h5 10. O-O h4 11. h3 Nd7 12. Be3 Nf8 13. Rfe1 Bb8 14. Kf1 Ne6
15. Rad1 Qd6 16. Bh7+ Kf8 17. c4 Qh2 18. d5 Ng5 19. Ng1 Bd6 20. Bf5 Re5 21. Bxc8
Rxc8 22. dxc6 Rxc6 23. Bxa7 g6 24. Be3 Rf5 25. Qe2 Bg3 26. Rd5 Be5 27. Qg4 Kg7
28. Qxh4 Rc8 29. Qg4 Re8 30. h4 Ne6 31. Qh3 Qxh3 32. Nxh3 Rh5 33. b3 Rxh4 34.
Rd7 Rb8 35. Ba7 Re8 36. Red1 Nf4 37. Rxb7 Nxh3 38. gxh3 Rxh3 39. Rdd7 Rh1+ 40.
Kg2 Rh2+ 41. Kf3 Rh3+ 42. Kg4 Reh8 43. Rxf7+ Kg8 44. Rg7+ Kf8 45. Bc5+ Ke8 46.
Rxg6 1-0

[Event "22nd European Teams Women"]
[Site "Batumi GEO"]
[Date "2019.10.31"]
[Round "7.7"]
[Board "1"]
[White "Atalik, Ekaterina"]
[Black "Hoolt, Sarah"]
[Result "1-0"]
[WhiteTitle "IM"]
[BlackTitle "WGM"]
[WhiteElo "2464"]
[BlackElo "2323"]
[WhiteTeam "Turkey"]
[BlackTeam "Germany"]
[WhiteFideId "4130189"]
[BlackFideId "24606812"]
[EventDate "2019.10.24"]

1. d4 Nf6 2. g3 e6 3. Bg2 d5 4. Nf3 Nbd7 5. O-O c5 6. c4 dxc4 7. Na3 Nb6 8. Nxc4
Nxc4 9. Qa4+ Bd7 10. Qxc4 Rc8 11. Ne5 b5 12. Qd3 c4 13. Qc2 Be7 14. a4 a6 15.
Bb7 Qb6 16. Bxc8 Bxc8 17. axb5 axb5 18. b3 c3 19. Qxc3 O-O 20. Qa5 Bd8 21. Qxb6
Bxb6 22. Ba3 Re8 23. Bc5 Bc7 24. Ra8 Nd5 25. Rc1 1-0

[Event "22nd European Teams Women"]
[Site "Batumi GEO"]
[Date "2019.10.31"]
[Round "7.7"]
[Board "2"]
[White "Sieber, Fiona"]
[Black "Yildiz Kadioglu, Betul Cemre"]
[Result "1/2-1/2"]
[WhiteTitle "WIM"]
[BlackTitle "WGM"]
[WhiteElo "2252"]
[BlackElo "2338"]
[WhiteTeam "Germany"]
[BlackTeam "Turkey"]
[WhiteFideId "12902373"]
[BlackFideId "6302920"]
[EventDate "2019.10.24"]

1. e4 e5 2. Nf3 Nc6 3. Bb5 a6 4. Ba4 Nf6 5. O-O Be7 6. Re1 b5 7. Bb3 d6 8. c3
O-O 9. h3 Nb8 10. d4 Nbd7 11. Nbd2 Bb7 12. Bc2 Re8 13. Nf1 Bf8 14. Ng3 g6 15. a4
Nb6 16. a5 Nbd7 17. b3 exd4 18. cxd4 c5 19. d5 Bg7 20. Bb2 Rc8 21. Ra2 c4 22. b4
c3 23. Ba3 h5 24. Bb3 Nh7 25. Bc1 h4 26. Nf1 Qf6 27. N1h2 Ne5 28. Rae2 Nc4 29.
Ng4 Qd8 30. Qd3 Rc7 31. Nd4 Nb2 32. Bxb2 cxb2 33. Rxb2 Nf6 34. Rbe2 Nxg4 35.
hxg4 Qg5 36. Bd1 Rc4 37. Nc2 Qf4 38. Re3 Be5 39. Rh3 Rc3 40. Qxc3 Bxc3 41. Rxc3
Rxe4 42. Rxe4 Qxe4 43. Bf3 Qe5 44. Re3 Qg5 45. Re8+ Kg7 46. Ne3 Qf6 47. Rb8 Qe7
48. g5 Qc7 49. Re8 Qc1+ 50. Kh2 Qd2 51. Rb8 Qxf2 52. Ng4 Qg3+ 53. Kg1 Qe1+ 54.
Kh2 Qg3+ 1/2-1/2

[Event "22nd European Teams Women"]
[Site "Batumi GEO"]
[Date "2019.10.31"]
[Round "7.7"]
[Board "3"]
[White "Ozturk, Kubra"]
[Black "Klek, Hanna Marie"]
[Result "1-0"]
[WhiteTitle "WGM"]
[BlackTitle "WGM"]
[WhiteElo "2317"]
[BlackElo "2248"]
[WhiteTeam "Turkey"]
[BlackTeam "Germany"]
[WhiteFideId "6302599"]
[BlackFideId "24670057"]
[EventDate "2019.10.24"]

1. d4 Nf6 2. c4 e6 3. Nc3 Bb4 4. Nf3 d5 5. Qb3 c5 6. dxc5 Nc6 7. Bg5 h6 8. Bxf6
Qxf6 9. e3 dxc4 10. Qxc4 Qe7 11. Nd4 Qxc5 12. Nxc6 Bxc3+ 13. bxc3 Qxc4 14. Bxc4
bxc6 15. O-O-O Ke7 16. e4 Bb7 17. Kc2 c5 18. f3 Bc6 19. Rb1 Rab8 20. Kd3 Ba4 21.
Bb3 Rhd8+ 22. Ke3 Bb5 23. Rhd1 Rdc8 24. e5 Rb6 25. a4 Be8 26. Bc2 Rcb8 27. a5
Rb2 28. Be4 R2b3 29. Rxb3 Rxb3 30. Rd6 Rxc3+ 31. Kd2 Ra3 32. Ra6 f5 33. Rxa7+
Kd8 34. Bd3 g5 35. Bc4 Bd7 36. a6 g4 37. f4 h5 38. Kc2 h4 39. Kb2 Ra4 40. Rxd7+ 1-0

[Event "22nd European Teams Women"]
[Site "Batumi GEO"]
[Date "2019.10.31"]
[Round "7.7"]
[Board "4"]
[White "Muetsch, Annmarie"]
[Black "Duran, Esma Doga"]
[Result "1-0"]
[WhiteTitle "WIM"]
[BlackTitle "WFM"]
[WhiteElo "2266"]
[BlackElo "1878"]
[WhiteTeam "Germany"]
[BlackTeam "Turkey"]
[WhiteFideId "12971367"]
[BlackFideId "6390196"]
[EventDate "2019.10.24"]

1. e4 e6 2. d4 d5 3. Nd2 h6 4. c3 Nf6 5. e5 Nfd7 6. Bd3 c5 7. Ne2 Nc6 8. O-O Qb6
9. Nf3 g5 10. h3 Bg7 11. Rb1 Qd8 12. Ng3 a5 13. Nh5 Bf8 14. a3 c4 15. Be2 Be7
16. Nh2 f5 17. exf6 Nxf6 18. Nxf6+ Bxf6 19. Bh5+ Kd7 20. f4 Kc7 21. b3 Bd7 22.
bxc4 dxc4 23. Be2 gxf4 24. Ng4 Bg5 25. Bxc4 h5 26. Nf2 e5 27. Qb3 Rb8 28. d5 Ne7
29. d6+ Kc8 30. dxe7 Qxe7 31. Bd5 Bf5 32. Ne4 b6 33. a4 Bh4 34. Ba3 1-0

[Event "22nd European Teams Women"]
[Site "Batumi GEO"]
[Date "2019.10.31"]
[Round "7.8"]
[Board "1"]
[White "Peng, Zhaoqin"]
[Black "Houska, Jovanka"]
[Result "1-0"]
[WhiteTitle "GM"]
[BlackTitle "IM"]
[WhiteElo "2364"]
[BlackElo "2430"]
[WhiteTeam "Netherlands"]
[BlackTeam "England"]
[WhiteFideId "1004786"]
[BlackFideId "405094"]
[EventDate "2019.10.24"]

1. d4 d5 2. c4 e6 3. Nc3 Nf6 4. cxd5 exd5 5. Bg5 c6 6. e3 Be7 7. Bd3 Nbd7 8.
Nge2 O-O 9. Qb1 a5 10. O-O Re8 11. Qc2 Nf8 12. a3 Bd6 13. h3 h6 14. Bh4 Ne6 15.
Rab1 Ng5 16. Bf5 Bxf5 17. Qxf5 Qd7 18. Qxd7 Nxd7 19. Bg3 Bf8 20. a4 Ne6 21. Bh2
h5 22. g4 hxg4 23. hxg4 Nf6 24. f3 g6 25. Kf2 Bh6 26. Rh1 Nd7 27. Bd6 Bg7 28.
Rbd1 Rad8 29. Bg3 Nb6 30. b3 Rd7 31. Nf4 Bf6 32. Nce2 Ng7 33. Nd3 Rde7 34. Be5
Bxe5 35. Nxe5 Nd7 36. f4 Nxe5 37. dxe5 g5 38. Nd4 gxf4 39. exf4 c5 40. Nb5 d4
41. Nd6 Rd8 42. Rd3 Rxd6 43. exd6 Rd7 44. Rdh3 f6 45. Rh8+ Kf7 46. f5 Rxd6 47.
Rc8 b6 48. Rhh8 Rd7 49. Rhg8 Rd5 50. Rcf8+ Ke7 51. Rb8 Kf7 52. Rh8 Nxf5 53. gxf5
Rxf5+ 54. Kg3 Rf1 55. Rxb6 Rb1 56. Rb5 Ke7 57. Kf4 1-0

[Event "22nd European Teams Women"]
[Site "Batumi GEO"]
[Date "2019.10.31"]
[Round "7.8"]
[Board "2"]
[White "Toma, Katarzyna"]
[Black "Haast, Anne"]
[Result "1/2-1/2"]
[WhiteTitle "WGM"]
[BlackTitle "WGM"]
[WhiteElo "2272"]
[BlackElo "2288"]
[WhiteTeam "England"]
[BlackTeam "Netherlands"]
[WhiteFideId "1119907"]
[BlackFideId "1017292"]
[EventDate "2019.10.24"]

1. e4 c5 2. Nf3 e6 3. d4 cxd4 4. Nxd4 Nc6 5. Nc3 Qc7 6. Be2 a6 7. O-O Nf6 8. Be3
Bb4 9. Na4 Be7 10. Nxc6 bxc6 11. Nb6 Rb8 12. Nxc8 Qxc8 13. Bd4 c5 14. Be5 Rb6
15. b3 d6 16. Bc3 O-O 17. Bd3 c4 18. Bxc4 d5 19. exd5 exd5 20. Ba5 Rc6 21. Bd3
Ne4 22. c4 Rh6 23. cxd5 Bd6 24. Bxe4 Bxh2+ 25. Kh1 Bg3+ 26. Kg1 Bh2+ 27. Kh1
Bg3+ 28. Kg1 Bh2+ 29. Kh1 Bg3+ 30. Kg1 Bh2+ 31. Kh1 1/2-1/2

[Event "22nd European Teams Women"]
[Site "Batumi GEO"]
[Date "2019.10.31"]
[Round "7.8"]
[Board "3"]
[White "Paulet, Iozefina"]
[Black "Longson, Sarah N"]
[Result "1-0"]
[WhiteTitle "WGM"]
[BlackTitle "WFM"]
[WhiteElo "2288"]
[BlackElo "2073"]
[WhiteTeam "Netherlands"]
[BlackTeam "England"]
[WhiteFideId "1213261"]
[BlackFideId "2501465"]
[EventDate "2019.10.24"]

1. e4 e5 2. Nf3 Nc6 3. Bb5 Nf6 4. O-O a6 5. Ba4 b5 6. Bb3 Bc5 7. a4 Rb8 8. Nxe5
Nxe5 9. d4 Bxd4 10. Qxd4 d6 11. f4 Nc6 12. Qc3 Bb7 13. e5 Ne4 14. Qe3 d5 15. Nd2
Nxd2 16. Bxd2 Ne7 17. f5 d4 18. Qg5 Bd5 19. f6 Ng6 20. fxg7 Rg8 21. Qh6 Bxb3 22.
Qxh7 Kd7 23. cxb3 Qe7 24. Rae1 Nxe5 25. Qf5+ Kd6 26. Bb4+ 1-0

[Event "22nd European Teams Women"]
[Site "Batumi GEO"]
[Date "2019.10.31"]
[Round "7.8"]
[Board "4"]
[White "Bhatia, Kanwal K"]
[Black "Ratsma, Rosa"]
[Result "0-1"]
[WhiteTitle "WFM"]
[BlackTitle "WIM"]
[WhiteElo "2038"]
[BlackElo "2283"]
[WhiteTeam "England"]
[BlackTeam "Netherlands"]
[WhiteFideId "407496"]
[BlackFideId "1033662"]
[EventDate "2019.10.24"]

1. e4 e5 2. Nf3 Nc6 3. Bc4 Bc5 4. c3 Nf6 5. d3 O-O 6. Bb3 d5 7. Qe2 dxe4 8. dxe4
Qe7 9. Bg5 a5 10. a4 h6 11. Bh4 b6 12. Nbd2 Ba6 13. Bc4 Bxc4 14. Nxc4 Qe6 15.
Bg3 Nh5 16. Ne3 Bxe3 17. Qxe3 Rad8 18. O-O Rd6 19. Qe2 Rfd8 20. Rfd1 Nf4 21.
Bxf4 exf4 22. Rxd6 Rxd6 23. Re1 f6 24. Nh4 Ne7 25. Nf3 Nc6 26. Nh4 Ne7 27. Nf3
Nc6 28. Nh4 Ne5 29. Rd1 Qc4 30. Qxc4+ Nxc4 31. Rxd6 Nxd6 32. Ng6 Nc4 33. b3 Nd2
34. Nxf4 Nxb3 35. Nd3 Kf7 36. f3 Ke6 37. Kf2 Kd6 38. Ke2 c6 39. c4 g5 40. h3
Nd4+ 41. Ke3 Ne6 42. g3 Ng7 43. f4 Nh5 44. e5+ fxe5 45. fxe5+ Ke6 46. Kf3 Ng7
47. Ke4 Ne8 48. g4 Nc7 49. Kd4 Na6 50. c5 b5 51. axb5 cxb5 52. c6 Ke7 53. Kc3
Kd8 54. Kd4 a4 55. e6 Ke7 56. Nc5 0-1

[Event "22nd European Teams Women"]
[Site "Batumi GEO"]
[Date "2019.10.31"]
[Round "7.9"]
[Board "1"]
[White "Tsolakidou, Stavroula"]
[Black "Reizniece-Ozola, Dana"]
[Result "1-0"]
[WhiteTitle "IM"]
[BlackTitle "WGM"]
[WhiteElo "2431"]
[BlackElo "2297"]
[WhiteTeam "Greece"]
[BlackTeam "Latvia"]
[WhiteFideId "4264312"]
[BlackFideId "11601124"]
[EventDate "2019.10.24"]

1. d4 Nf6 2. c4 c5 3. Nf3 g6 4. Nc3 cxd4 5. Nxd4 Bg7 6. e4 d6 7. Be2 Nc6 8. Be3
O-O 9. O-O Bd7 10. h3 Nxd4 11. Bxd4 Bc6 12. Qc2 Qc7 13. b4 b5 14. cxb5 Bxe4 15.
Qb3 Bb7 16. Rac1 e5 17. Be3 Qd7 18. Rfd1 d5 19. Bc5 Rfd8 20. a4 d4 21. a5 Qf5
22. a6 Bc8 23. Bd3 Be6 24. Qb1 Qh5 25. b6 axb6 26. Bxb6 Rdb8 27. Bc7 Rc8 28. b5
dxc3 29. b6 Bxh3 30. gxh3 Qxh3 31. Bf1 Qg4+ 32. Bg2 Nh5 33. b7 Nf4 34. Qe4 Rxa6
35. bxc8=Q+ Qxc8 36. Rd8+ Qxd8 37. Bxd8 Ra2 38. Bf1 1-0

[Event "22nd European Teams Women"]
[Site "Batumi GEO"]
[Date "2019.10.31"]
[Round "7.9"]
[Board "2"]
[White "Rogule, Laura"]
[Black "Avramidou, Anastasia"]
[Result "1-0"]
[WhiteTitle "WGM"]
[BlackTitle "FM"]
[WhiteElo "2269"]
[BlackElo "2247"]
[WhiteTeam "Latvia"]
[BlackTeam "Greece"]
[WhiteFideId "11601876"]
[BlackFideId "4239873"]
[EventDate "2019.10.24"]

1. c4 c5 2. g3 Nc6 3. Bg2 g6 4. Nc3 Bg7 5. d3 e6 6. e4 Nge7 7. Nge2 d6 8. Be3
Nd4 9. Qd2 O-O 10. h4 d5 11. cxd5 exd5 12. Bxd4 cxd4 13. Nxd5 Nxd5 14. exd5 b6
15. h5 Bb7 16. hxg6 hxg6 17. Nf4 g5 18. Nh3 Bxd5 19. O-O Bxg2 20. Kxg2 Qd5+ 21.
f3 f6 22. b3 Rfe8 23. Nf2 Re3 24. Ng4 Re6 25. Rae1 Rae8 26. Re4 Qd7 27. Nf2 Rc8
28. Rc1 Rec6 29. Rxc6 Rxc6 30. g4 f5 31. gxf5 Qxf5 32. Qe2 Kh7 33. Re7 a5 34.
Ng4 b5 35. Rxg7+ Kxg7 36. Qe7+ Kg6 37. Qe8+ Kg7 38. Qxc6 Qxd3 39. Qh6+ Kg8 40.
Qxg5+ Kf8 41. Qd8+ Kg7 42. Qf6+ Kh7 43. Qe7+ Kh8 44. Qe5+ Kg8 45. Nh6+ 1-0

[Event "22nd European Teams Women"]
[Site "Batumi GEO"]
[Date "2019.10.31"]
[Round "7.9"]
[Board "3"]
[White "Pavlidou, Ekaterini"]
[Black "Berzina, Ilze"]
[Result "1-0"]
[WhiteTitle "WIM"]
[BlackTitle "WGM"]
[WhiteElo "2183"]
[BlackElo "2216"]
[WhiteTeam "Greece"]
[BlackTeam "Latvia"]
[WhiteFideId "4213262"]
[BlackFideId "11601345"]
[EventDate "2019.10.24"]

1. d4 d5 2. c4 c6 3. Nf3 Nf6 4. Nbd2 Bf5 5. Nh4 Bg4 6. h3 Bh5 7. g4 Bg6 8. Nxg6
hxg6 9. Bg2 e6 10. Qb3 Qc7 11. g5 Nh5 12. e3 Nd7 13. Nf3 Be7 14. Bd2 O-O 15.
cxd5 exd5 16. O-O a5 17. Rac1 Nb6 18. Qd3 Nc4 19. Rc2 Nd6 20. Ne5 Qd8 21. f4 Ng3
22. Rf3 Ngf5 23. Be1 Ne4 24. h4 Bb4 25. Bf2 a4 26. Rh3 Nxf2 27. Kxf2 a3 28. b3
Bd6 29. Rc1 Qa5 30. h5 Bxe5 31. dxe5 Rfe8 32. Rch1 Kf8 33. Bf3 Qa6 34. Qc3 Qb6
35. Qd3 Qa6 36. Be2 Qb6 37. hxg6 fxg6 38. Bg4 Qb4 39. Bxf5 gxf5 40. Qxf5+ Ke7
41. Rh7 Rg8 42. Rxg7+ Rxg7 43. Qf6+ Kd7 44. Qxg7+ Qe7 45. Qg6 1-0

[Event "22nd European Teams Women"]
[Site "Batumi GEO"]
[Date "2019.10.31"]
[Round "7.9"]
[Board "4"]
[White "Limanovska, Elizabete"]
[Black "Makka, Ioulia"]
[Result "1/2-1/2"]
[WhiteTitle "WFM"]
[BlackTitle "WIM"]
[WhiteElo "2186"]
[BlackElo "2048"]
[WhiteTeam "Latvia"]
[BlackTeam "Greece"]
[WhiteFideId "11603542"]
[BlackFideId "4205316"]
[EventDate "2019.10.24"]

1. e4 c6 2. d4 d5 3. exd5 cxd5 4. Nf3 Nf6 5. Bd3 Nc6 6. c3 Qc7 7. h3 g6 8. O-O
Bg7 9. Re1 O-O 10. Bg5 Bf5 11. Bxf5 gxf5 12. Qc1 Ne4 13. Bh6 Qd6 14. Bxg7 Kxg7
15. Nbd2 Kh8 16. Ne5 Nxe5 17. dxe5 Qg6 18. Nxe4 dxe4 19. Qf4 Rg8 20. g3 Qh5 21.
Kg2 Rad8 22. c4 Rd3 23. Re3 Rgd8 24. Rxd3 Rxd3 25. e6 fxe6 26. Re1 Kg7 27. Re3
Rd1 28. g4 Qg6 29. Rg3 Rd3 30. Rxd3 exd3 31. Qd4+ Kf7 32. Qxd3 h5 33. Qg3 hxg4
34. hxg4 fxg4 35. Qf4+ Qf5 36. Kg3 Ke8 37. Qxg4 Qe5+ 38. Kg2 Qxb2 39. Qxe6 Qxa2
40. Qc8+ Kf7 41. Qxb7 Qxc4 1/2-1/2

[Event "22nd European Teams Women"]
[Site "Batumi GEO"]
[Date "2019.10.31"]
[Round "7.10"]
[Board "3"]
[White "Rozman, Monika"]
[Black "Polterauer, Chiara"]
[Result "0-1"]
[WhiteTitle "WFM"]
[BlackTitle "WFM"]
[WhiteElo "2122"]
[BlackElo "2172"]
[WhiteTeam "Slovenia"]
[BlackTeam "Austria"]
[WhiteFideId "14609118"]
[BlackFideId "1638165"]
[EventDate "2019.10.24"]

1. e4 e5 2. Nf3 Nc6 3. Bc4 Bc5 4. c3 Nf6 5. d3 d6 6. O-O h6 7. h3 O-O 8. Bb3 a5
9. a4 Be6 10. Re1 Nh5 11. Bc2 Qf6 12. Be3 Bxe3 13. Rxe3 Nf4 14. Nh2 Ne7 15. Nd2
Neg6 16. Rg3 Kh8 17. Ndf1 Nh4 18. Ne3 Qe7 19. d4 exd4 20. cxd4 f5 21. exf5 Nxf5
22. Bxf5 Bxf5 23. Nxf5 Rxf5 24. Re3 Qf7 25. Qd2 Rf8 26. Rf3 Qd5 27. Raa3 Qxd4
28. Qc2 Rc5 29. Rac3 Rxc3 30. bxc3 Qc4 31. Kh1 Kg8 32. g3 Ne6 33. Rxf8+ Nxf8 34.
Ng4 d5 35. Kh2 d4 36. Qe4 Qxc3 37. Qd5+ Kh8 38. Qf5 Qb4 39. Ne5 Qe7 40. f4 c5
41. h4 Kg8 42. h5 Qe6 43. Qe4 Nd7 44. Qxb7 Nxe5 45. Qa8+ Kf7 46. fxe5 Qxe5 47.
Qb7+ Ke6 48. Qc6+ Ke7 49. Qb7+ Kd6 50. Qb6+ Kd5 51. Qb7+ Kc4 52. Qb5+ Kc3 53.
Kg2 d3 54. Qb1 Qe2+ 55. Kh3 Qxh5+ 56. Kg2 Qe2+ 57. Kh3 Qb2 58. Qg1 d2 59. Qxc5+
Kd3 60. Qf5+ Ke2 61. Qe4+ Kd1 62. Qc4 Qb4 63. Qc6 h5 64. Kg2 Qg4 65. Qd5 h4 66.
Qb7 Qxg3+ 67. Kf1 Qd3+ 68. Kf2 Qe2+ 69. Kg1 Ke1 0-1

[Event "22nd European Teams Women"]
[Site "Batumi GEO"]
[Date "2019.10.31"]
[Round "7.10"]
[Board "4"]
[White "Teuschler, Barbara"]
[Black "Vidic, Teja"]
[Result "0-1"]
[WhiteTitle "WFM"]
[BlackTitle "WFM"]
[WhiteElo "2136"]
[BlackElo "2174"]
[WhiteTeam "Austria"]
[BlackTeam "Slovenia"]
[WhiteFideId "1602047"]
[BlackFideId "14605511"]
[EventDate "2019.10.24"]

1. e4 c6 2. d4 d5 3. exd5 cxd5 4. Bd3 Nc6 5. c3 Qc7 6. Nf3 Bg4 7. O-O e6 8. Re1
Bd6 9. h3 Bh5 10. Nbd2 Nge7 11. Nf1 Bg6 12. Bg5 O-O 13. Bxe7 Nxe7 14. Ne5 Bxd3
15. Qxd3 Rab8 16. a4 a6 17. Nd2 b5 18. axb5 axb5 19. b4 Rfc8 20. Ra3 Ra8 21.
Rxa8 Rxa8 22. Nb3 Bxe5 23. dxe5 Qc4 24. Qxc4 bxc4 25. Nd4 g5 26. g3 Ra3 27. b5
Nc8 28. Re3 Ra1+ 29. Kg2 Rb1 30. f4 gxf4 31. gxf4 Na7 32. f5 Nxb5 33. fxe6 Nxd4
34. exf7+ Kxf7 35. cxd4 Rd1 36. Rf3+ Ke7 37. Kf2 Rxd4 38. Ke3 Rd3+ 0-1

[Event "22nd European Teams Women"]
[Site "Batumi GEO"]
[Date "2019.10.31"]
[Round "7.11"]
[Board "1"]
[White "Olsarova, Karolina"]
[Black "Bulmaga, Irina"]
[Result "0-1"]
[WhiteTitle "WGM"]
[BlackTitle "IM"]
[WhiteElo "2294"]
[BlackElo "2442"]
[WhiteTeam "Czech Republic"]
[BlackTeam "Romania"]
[WhiteFideId "320242"]
[BlackFideId "13903063"]
[EventDate "2019.10.24"]

1. e4 Nf6 2. e5 Nd5 3. d4 d6 4. c4 Nb6 5. exd6 cxd6 6. Nc3 g6 7. Be3 Bg7 8. Rc1
O-O 9. b3 Bf5 10. Nf3 d5 11. c5 Nc8 12. b4 a6 13. a4 Nc6 14. b5 Na5 15. Be2 Bg4
16. O-O e6 17. Nb1 Bxf3 18. Bxf3 Ne7 19. Na3 Nf5 20. Qd3 axb5 21. axb5 Qf6 22.
Rcd1 Rfc8 23. Qb1 Qe7 24. Rd3 b6 25. c6 Nxc6 26. Nc2 Na5 27. Bg4 Nd6 28. Bf4 Qd7
29. Na3 Nac4 30. Nxc4 Rxc4 31. Bxd6 Qxd6 32. Rfd1 Raa4 33. Qb2 Qf4 34. Qe2 Rxd4
35. Rxd4 Bxd4 36. h3 h5 37. Bf3 Ra3 38. Qc2 Be5 39. Kf1 Rc3 40. Qa2 Rxf3 41.
gxf3 Qxf3 42. Qa4 Qxh3+ 43. Ke2 Kg7 44. Rc1 d4 45. Qc4 Qg4+ 46. Kf1 h4 47. Qe2
Qh3+ 48. Ke1 Bf4 49. Rd1 Qh1+ 50. Qf1 Qd5 51. Qd3 e5 52. Ke2 Bg5 53. Kf1 Bf6 54.
Re1 Be7 55. Kg1 f5 56. Rd1 Bc5 57. Ra1 e4 58. Qd2 e3 59. fxe3 Qe4 60. Ra7+ Kf6
61. exd4 Bxd4+ 62. Kh2 Qe5+ 63. Kh1 Qe4+ 64. Kh2 Qg4 65. Qg2 Qf4+ 66. Kh3 Qe3+
67. Kh2 h3 68. Qf1 Be5+ 69. Kh1 Qe4+ 70. Kg1 h2+ 71. Kf2 Qf4+ 0-1